Sports Quiz

Random Sports or WWE Quiz

WWE US Champion Quiz Stats

 Plays Quiz not verified by Sporcle

Challenge
Share
Tweet
Embed
Score 0/65 Timer 10:00
0 Plays Today
Year Champion % Correct
2004John Cena
93.4%
2004John Cena
93.4%
2004John Cena
93.4%
2015John Cena
93.4%
2015John Cena
93.4%
2018Randy Orton
88.5%
2017Kevin Owens
84.1%
2017Kevin Owens
84.1%
2017Kevin Owens
84.1%
2017AJ Styles
80.9%
2017AJ Styles
80.9%
2017Chris Jericho
80.1%
2017Chris Jericho
80.1%
2016Roman Reigns
79.7%
2017Dolph Ziggler
79.6%
2013Dean Ambrose
79.5%
2015Seth Rollins
79.5%
2011Dolph Ziggler
79.5%
2018Bobby Roode
78.2%
2009The Miz
76.8%
2010The Miz
76.8%
2014Rusev
76.6%
2016Rusev
76.6%
2003Big Show
75.2%
2017Baron Corbin
71.4%
2008Matt Hardy
69.9%
2011Sheamus
69.4%
2014Sheamus
69.4%
2001Booker T
67.1%
2004Booker T
67.1%
2005Booker T
67.1%
2006Booker T
67.1%
2009Kofi Kingston
66.7%
Year Champion % Correct
2011Kofi Kingston
66.7%
2013Kofi Kingston
66.7%
2015Alberto Del Rio
66.6%
2016Alberto Del Rio
66.6%
2001Edge
65.8%
2016Kalisto
63.1%
2016Kalisto
63.1%
2005Chris Benoit
59.3%
2006Chris Benoit
59.3%
2006Chris Benoit
59.3%
2012Antonio Cesaro
59.3%
2001Kurt Angle
58.6%
2012Jack Swagger
58.1%
2007M.V.P.
56.8%
2009M.V.P
56.8%
2010Daniel Bryan
56.7%
2003Eddie Guerrero
53.4%
2011Zack Ryder
49.7%
2010Bret Hart
49.3%
2006JBL
48.8%
2010R-Truth
44.5%
2006Bobby Lashley
43.3%
2012Santino Marella
43.1%
2008Shelton Benjamin
38.5%
2005Orlando Jordan
33.6%
2006Mr. Kennedy
33%
2006Finlay
32.7%
2001Rhyno
31.3%
28.6%
2001Tajiri
26.3%
2001Chris Kanyon
24%
2004Carlito Carribean Cool
19.4%

You're not logged in!

Compare scores with friends on all Sporcle quizzes.
Join for Free
OR
Log In

You Might Also Like...

Show Comments

Extras

Created Aug 7, 2017ReportNominate
Tags:WWE Quiz, champion, US Champion

Top Quizzes Today


Score Distribution

Your Account Isn't Verified!

In order to create a playlist on Sporcle, you need to verify the email address you used during registration. Go to your Sporcle Settings to finish the process.

Report this User

Report this user for behavior that violates our Community Guidelines.

Details: